[Event "IECG WC.2009.T.00001 email"]
[Site "IECG email"]
[Date "2008.04.15"]
[Round "1"]
[White "Ingersol, Harry"]
[Black "Schulze, Michael"]
[Result "1/2-1/2"]
[WhiteElo "2395"]
[BlackElo "2353"]
[PlyCount "67"]
[EventDate "2008.04.15"]
[EventType "tourn (corr)"]
[EventRounds "6"]
[SourceTitle "Corr 2024"]
[Source "ChessBase"]
[SourceDate "2023.10.19"]
[SourceVersion "1"]
[SourceVersionDate "2023.10.19"]
[SourceQuality "1"]

1. d4 Nf6 2. c4 e6 3. Nc3 Bb4 4. f3 d5 5. a3 Bxc3+ 6. bxc3 c5 7. cxd5 Nxd5 8. dxc5 Qa5 9. e4 Ne7 10. Be3 0-0 11. Qb3 Qc7 12. Bb5 a6 13. Ba4 Bd7 14. Rd1 Bxa4 15. Qxa4 Nec6 16. Ne2 Nd7 17. 0-0 Nce5 18. Qd4 Rac8 19. Rb1 Nc6 20. Qc4 Na5 21. Qb4 Nxc5 22. Bf4 e5 23. Bxe5 Qxe5 24. Qxa5 Qg5 25. Nd4 g6 26. h3 Rfd8 27. f4 Qe7 28. e5 Ne4 29. Rbd1 Nxc3 30. Nc6 Ne2+ 31. Kf2 bxc6 32. Kxe2 Rb8 33. Rxd8+ Rxd8 34. Rd1 1/2-1/2

[Event "IECG WC.2009.T.00001 email"]
[Site "IECG email"]
[Date "2008.04.15"]
[Round "1"]
[White "Schulze, Michael"]
[Black "De Silva, Dinesh"]
[Result "1-0"]
[WhiteElo "2353"]
[BlackElo "2409"]
[PlyCount "117"]
[EventDate "2008.04.15"]
[EventType "tourn (corr)"]
[EventRounds "6"]
[SourceTitle "Corr 2024"]
[Source "ChessBase"]
[SourceDate "2023.10.19"]
[SourceVersion "1"]
[SourceVersionDate "2023.10.19"]
[SourceQuality "1"]

1. d4 Nf6 2. c4 g6 3. Nf3 Bg7 4. g3 0-0 5. Bg2 d6 6. 0-0 Nc6 7. Nc3 a6 8. h3 Rb8 9. e4 b5 10. e5 dxe5 11. dxe5 Qxd1 12. Rxd1 Nd7 13. e6 fxe6 14. cxb5 axb5 15. Bf4 b4 16. Na4 Nb6 17. Nxb6 Rxb6 18. Bxc7 Rb7 19. Bf4 Bxb2 20. Rab1 Bc3 21. Ng5 Rb6 22. Be3 Ra6 23. Ne4 e5 24. Bh6 Re8 25. Bf1 Ra5 26. Bc4+ Kh8 27. Ng5 Ba6 28. Bb3 Ra3 29. Bf7 Rd8 30. Bd5 Rxd5 31. Rxd5 Bc8 32. Ne4 Bf5 33. Nxc3 Rxc3 34. Rc1 Rxc1+ 35. Bxc1 Be6 36. Rc5 Nd4 37. Kg2 Bxa2 38. Rxe5 Nc6 39. Rc5 e6 40. Bb2+ Kg8 41. Kf1 Bd5 42. Ke1 b3 43. Rb5 h6 44. Kd2 Ne7 45. Rb8+ Kf7 46. Kd3 Bg2 47. Ba3 Nf5 48. Rxb3 Bxh3 49. Rb7+ Kf6 50. Bb2+ Kg5 51. Ke2 Nd6 52. Rc7 Nf5 53. Be5 h5 54. Rh7 h4 55. f3 Bg2 56. gxh4+ Nxh4 57. Bf6+ Kxf6 58. Rxh4 g5 59. Rh2 1-0

[Event "IECG WC.2009.T.00001 email"]
[Site "IECG email"]
[Date "2008.04.15"]
[Round "1"]
[White "Schulze, Michael"]
[Black "Halwick Jr, Floyd J"]
[Result "1/2-1/2"]
[WhiteElo "2353"]
[BlackElo "2241"]
[PlyCount "40"]
[EventDate "2008.04.15"]
[EventType "tourn (corr)"]
[EventRounds "6"]
[SourceTitle "Corr 2024"]
[Source "ChessBase"]
[SourceDate "2023.10.19"]
[SourceVersion "1"]
[SourceVersionDate "2023.10.19"]
[SourceQuality "1"]

1. d4 Nf6 2. c4 e6 3. Nf3 b6 4. g3 Ba6 5. b3 Bb4+ 6. Bd2 Be7 7. Bg2 d5 8. cxd5 Nxd5 9. Nc3 0-0 10. 0-0 Bb7 11. Qc2 Nxc3 12. Bxc3 f5 13. Rac1 Be4 14. Qb2 Bd5 15. Rfd1 Nd7 16. Ne5 Bxg2 17. Kxg2 Nxe5 18. dxe5 Qc8 19. b4 Rb8 20. f3 c5 1/2-1/2

[Event "IECG CM.2006.0.00309 email"]
[Site "IECG email"]
[Date "2006.12.24"]
[Round "?"]
[White "Schulze, Michael"]
[Black "Bishop, Nicholas"]
[Result "1-0"]
[WhiteElo "2336"]
[BlackElo "2376"]
[PlyCount "73"]
[EventDate "2006.12.24"]
[EventType "tourn (corr)"]
[EventRounds "6"]
[SourceTitle "Corr 2011"]
[Source "ChessBase"]
[SourceDate "2010.08.31"]
[SourceVersion "1"]
[SourceVersionDate "2010.08.31"]
[SourceQuality "1"]

1. e4 e6 2. d4 d5 3. e5 c5 4. c3 Nc6 5. Nf3 Bd7 6. Be2 Nge7 7. 0-0 Ng6 8. g3 f6 9. exf6 Qxf6 10. Bg5 Qf7 11. Be3 Be7 12. h4 0-0 13. h5 Nh8 14. dxc5 Qxh5 15. c4 Rad8 16. cxd5 Qxd5 17. Nc3 Qf5 18. Qb1 Be8 19. Qxf5 Rxf5 20. Rad1 Bh5 21. Rxd8+ Bxd8 22. Nd4 Bxe2 23. Ndxe2 Bg5 24. Nd4 Nxd4 25. Bxd4 Nf7 26. f4 Bf6 27. Bxf6 Rxf6 28. Rd1 g5 29. Ne4 Rf5 30. Rd7 gxf4 31. Rxb7 Ne5 32. b4 a6 33. a4 fxg3 34. b5 axb5 35. axb5 Rf4 36. c6 Rxe4 37. c7 1-0

[Event "IECG CM.2006.0.00309 email"]
[Site "IECG email"]
[Date "2006.12.24"]
[Round "?"]
[White "Schulze, Michael"]
[Black "Vidalina, Franjo"]
[Result "1-0"]
[WhiteElo "2336"]
[BlackElo "2329"]
[PlyCount "65"]
[EventDate "2006.12.24"]
[EventType "tourn (corr)"]
[EventRounds "6"]
[SourceTitle "Corr 2011"]
[Source "ChessBase"]
[SourceDate "2010.08.31"]
[SourceVersion "1"]
[SourceVersionDate "2010.08.31"]
[SourceQuality "1"]

1. e4 c5 2. Nf3 Nc6 3. d4 cxd4 4. Nxd4 Nf6 5. Nc3 e5 6. Ndb5 d6 7. Nd5 Nxd5 8. exd5 Nb8 9. c4 Be7 10. Be2 0-0 11. 0-0 a6 12. Nc3 f5 13. a4 Nd7 14. a5 Rb8 15. Ra3 Bf6 16. b4 e4 17. Na4 Be5 18. Qc2 Nf6 19. g3 Qe8 20. Nb6 Nd7 21. c5 Nxb6 22. axb6 Bd7 23. Bb2 Bxb2 24. Qxb2 Bb5 25. Rc1 Bxe2 26. Qxe2 Qe5 27. c6 Qd4 28. b5 a5 29. c7 Rbc8 30. Qe3 Qe5 31. Rd1 f4 32. gxf4 Qf5 33. h3 1-0

[Event "IECG WC.2009.S.00005 email"]
[Site "IECG email"]
[Date "2006.09.09"]
[Round "?"]
[White "Brousek, Jiri"]
[Black "Schulze, Michael"]
[Result "1/2-1/2"]
[WhiteElo "2336"]
[BlackElo "2315"]
[PlyCount "68"]
[EventDate "2006.09.09"]
[EventType "tourn (corr)"]
[EventRounds "6"]
[SourceTitle "Corr 2011"]
[Source "ChessBase"]
[SourceDate "2010.08.31"]
[SourceVersion "1"]
[SourceVersionDate "2010.08.31"]
[SourceQuality "1"]

1. d4 Nf6 2. Nf3 d5 3. e3 g6 4. c4 Bg7 5. Nc3 0-0 6. cxd5 Nxd5 7. Bc4 Nb6 8. Bb3 c5 9. 0-0 cxd4 10. exd4 Nc6 11. Be3 Na5 12. Bc2 Nac4 13. Qc1 Bg4 14. Ne5 Nxe5 15. dxe5 Bxe5 16. Bh6 Re8 17. Re1 Bf6 18. Qf4 Be6 19. Be4 Rc8 20. Bxb7 Rc4 21. Qf3 Bg4 22. Qe3 Bd4 23. Qg5 f6 24. Qa5 Qc7 25. Qxa7 Bc8 26. Nd5 Qd6 27. Nxb6 Bxb6 28. Qa6 Bxf2+ 29. Kxf2 Qxa6 30. Bxa6 Bxa6 31. Rac1 Ra4 32. Rc6 Rxa2 33. Rxf6 Rxb2+ 34. Kg3 exf6 1/2-1/2

[Event "IECG WC.2009.S.00005 email"]
[Site "IECG email"]
[Date "2006.09.09"]
[Round "?"]
[White "Schulze, Michael"]
[Black "Fels, Bernhard"]
[Result "1-0"]
[WhiteElo "2315"]
[BlackElo "2249"]
[PlyCount "113"]
[EventDate "2006.09.09"]
[EventType "tourn (corr)"]
[EventRounds "6"]
[SourceTitle "Corr 2011"]
[Source "ChessBase"]
[SourceDate "2010.08.31"]
[SourceVersion "1"]
[SourceVersionDate "2010.08.31"]
[SourceQuality "1"]

1. e4 d5 2. exd5 Qxd5 3. Nc3 Qd6 4. d4 Nf6 5. Nf3 a6 6. g3 Bg4 7. Bg2 c6 8. 0-0 e6 9. Re1 Be7 10. Bf4 Qd8 11. Ne2 h6 12. c4 Nbd7 13. Nc3 0-0 14. h3 Bh5 15. d5 e5 16. Bxe5 Nxe5 17. Rxe5 Qc7 18. Re2 Bc5 19. g4 Bg6 20. Na4 cxd5 21. cxd5 Bd6 22. Rc1 Qa5 23. Ne5 Rae8 24. Nc4 Qd8 25. Nxd6 Qxd6 26. Rxe8 Rxe8 27. Nc5 Re7 28. Qd4 Rc7 29. Rc3 Re7 30. f4 Bb1 31. a3 Re1+ 32. Kf2 Re7 33. Nd3 Bxd3 34. Rxd3 Qd8 35. Re3 Rd7 36. Re5 Rc7 37. Kg3 Ne8 38. Be4 Nd6 39. Bd3 Rc1 40. Re2 Kf8 41. Bc2 Qc7 42. Qe5 a5 43. Bd3 Rd1 44. Qe3 Qd8 45. a4 Nc8 46. Bc4 Nd6 47. Bb3 Rb1 48. Qd4 Qc7 49. Bc2 Rh1 50. Kg2 Rc1 51. Qd2 Ra1 52. Qe3 b6 53. h4 Qd7 54. Kh2 Qd8 55. g5 h5 56. Qd3 g6 57. Qd4 1-0

[Event "IECG WC.2005.F.00006 email"]
[Site "IECG email"]
[Date "2006.06.05"]
[Round "?"]
[White "Baklanov, Valentin Petrovich"]
[Black "Schulze, Michael"]
[Result "1/2-1/2"]
[WhiteElo "2347"]
[BlackElo "2315"]
[PlyCount "74"]
[EventDate "2006.06.05"]
[EventType "tourn (corr)"]
[EventRounds "14"]
[SourceTitle "Corr 2008"]
[Source "ChessBase"]
[SourceDate "2008.06.24"]
[SourceVersion "1"]
[SourceVersionDate "2008.06.24"]
[SourceQuality "1"]

1. c4 Nf6 2. Nc3 e6 3. e4 d5 4. e5 d4 5. exf6 dxc3 6. bxc3 Qxf6 7. Nf3 e5 8. Bd3 Na6 9. 0-0 Bd6 10. Bc2 Bg4 11. d4 Bxf3 12. Qxf3 Qxf3 13. gxf3 exd4 14. Re1+ Kd7 15. Bf5+ Kd8 16. cxd4 c5 17. Rb1 Kc7 18. Be4 Rab8 19. d5 Rhe8 20. Be3 g6 21. a3 Rbc8 22. Bc2 Nb8 23. Ba4 Re5 24. Kg2 b6 25. Bd2 Nd7 26. Bb5 Rce8 27. Red1 R8e7 28. a4 Rh5 29. h3 a5 30. Rb3 Nb8 31. f4 Rf5 32. Re3 Nd7 33. Rde1 Kd8 34. Bc1 Nf6 35. Rxe7 Bxe7 36. Re5 Bd6 37. Rxf5 gxf5 1/2-1/2

[Event "IECG WC.2005.F.00006 email"]
[Site "IECG email"]
[Date "2006.06.05"]
[Round "?"]
[White "Janosi, Ervin"]
[Black "Schulze, Michael"]
[Result "0-1"]
[WhiteElo "2257"]
[BlackElo "2315"]
[PlyCount "80"]
[EventDate "2006.06.05"]
[EventType "tourn (corr)"]
[EventRounds "14"]
[SourceTitle "Corr 2008"]
[Source "ChessBase"]
[SourceDate "2008.06.24"]
[SourceVersion "1"]
[SourceVersionDate "2008.06.24"]
[SourceQuality "1"]

1. d4 Nf6 2. c4 e6 3. Nc3 Bb4 4. e3 0-0 5. Bd3 d5 6. Nf3 c5 7. 0-0 dxc4 8. Bxc4 cxd4 9. exd4 a6 10. a3 Bxc3 11. bxc3 Qc7 12. Qe2 b5 13. Bd3 Qxc3 14. Bb2 Qc6 15. Rac1 Qd6 16. Qe5 Qd5 17. Qg3 Nbd7 18. Ne5 Bb7 19. Nxd7 Nxd7 20. Rfe1 Nf6 21. Rc5 Qa2 22. Bc1 Qa1 23. Rg5 g6 24. Qe5 Nd7 25. Qe3 Rac8 26. Bd2 Qa2 27. Rg3 Qd5 28. Qf4 f5 29. Bb4 Rf7 30. Bf1 Nf6 31. Rd3 Qd7 32. Qe5 Bd5 33. Rh3 Qd8 34. Be2 a5 35. Bd2 Ne4 36. Bh6 b4 37. axb4 axb4 38. Rb1 Qb6 39. Bf1 b3 40. Rb2 Ra8 0-1

[Event "IECG WC.2005.F.00006 email"]
[Site "IECG email"]
[Date "2006.06.05"]
[Round "?"]
[White "Luise, Massimo"]
[Black "Schulze, Michael"]
[Result "1/2-1/2"]
[WhiteElo "2246"]
[BlackElo "2315"]
[PlyCount "50"]
[EventDate "2006.06.05"]
[EventType "tourn (corr)"]
[EventRounds "14"]
[SourceTitle "Corr 2008"]
[Source "ChessBase"]
[SourceDate "2008.06.24"]
[SourceVersion "1"]
[SourceVersionDate "2008.06.24"]
[SourceQuality "1"]

1. e4 c5 2. c3 e6 3. d3 Nc6 4. Nf3 d5 5. Qe2 Nf6 6. g3 e5 7. Nbd2 Be7 8. exd5 Qxd5 9. Bg2 Bf5 10. Nh4 Qxd3 11. Nxf5 Qxf5 12. 0-0 0-0 13. f4 Rad8 14. fxe5 Qxe5 15. Qxe5 Nxe5 16. Bxb7 Nfg4 17. Nf3 c4 18. Nxe5 Nxe5 19. Be3 Rb8 20. Bg2 Rxb2 21. Bxa7 Bf6 22. Bd4 Rd8 23. Rfd1 Ng4 24. Bxf6 Rxd1+ 25. Rxd1 gxf6 1/2-1/2

[Event "IECG WC.2005.F.00006 email"]
[Site "IECG email"]
[Date "2006.06.05"]
[Round "?"]
[White "Neven, Knut G"]
[Black "Schulze, Michael"]
[Result "1/2-1/2"]
[WhiteElo "2351"]
[BlackElo "2315"]
[PlyCount "92"]
[EventDate "2006.06.05"]
[EventType "tourn (corr)"]
[EventRounds "14"]
[SourceTitle "Corr 2008"]
[Source "ChessBase"]
[SourceDate "2008.06.24"]
[SourceVersion "1"]
[SourceVersionDate "2008.06.24"]
[SourceQuality "1"]

1. d4 Nf6 2. c4 e6 3. Nc3 Bb4 4. Qc2 0-0 5. a3 Bxc3+ 6. Qxc3 b6 7. Bg5 Bb7 8. e3 d6 9. Ne2 Nbd7 10. Qd3 h6 11. Bh4 Re8 12. Nc3 c5 13. f3 d5 14. cxd5 exd5 15. Be2 Qe7 16. Bf2 c4 17. Qc2 Bc6 18. 0-0 b5 19. Rae1 Nb6 20. Bd1 Qb7 21. Bh4 Nbd7 22. g4 a5 23. Qg2 b4 24. Ne2 Rxe3 25. g5 hxg5 26. Bxg5 Re6 27. Bc2 bxa3 28. bxa3 Nh7 29. Bf4 Nhf8 30. Bf5 Ree8 31. Kh1 Ra6 32. Rg1 g6 33. h4 Ba4 34. h5 Rf6 35. Qg4 c3 36. Bd3 c2 37. Bd2 Rfe6 38. Rc1 Nf6 39. Qh4 Bb5 40. Bxb5 Qxb5 41. Nf4 Qb3 42. Qh3 Re3 43. Bxe3 Qxe3 44. Qg3 Ne6 45. Nxg6 Nxh5 46. Qh3 fxg6 1/2-1/2

[Event "IECG WC.2005.F.00006 email"]
[Site "IECG email"]
[Date "2006.06.05"]
[Round "?"]
[White "Schulze, Michael"]
[Black "Ojeda, Jose Luis"]
[Result "1-0"]
[WhiteElo "2315"]
[BlackElo "2290"]
[PlyCount "35"]
[EventDate "2006.06.05"]
[EventType "tourn (corr)"]
[EventRounds "14"]
[SourceTitle "Corr 2008"]
[Source "ChessBase"]
[SourceDate "2008.06.24"]
[SourceVersion "1"]
[SourceVersionDate "2008.06.24"]
[SourceQuality "1"]

1. e4 c5 2. Nf3 d6 3. d4 cxd4 4. Nxd4 Nf6 5. Nc3 a6 6. f3 e5 7. Nb3 Be6 8. Be3 Nbd7 9. g4 b5 10. g5 b4 11. Nd5 Nxd5 12. exd5 Bf5 13. Bd3 Bxd3 14. Qxd3 Be7 15. h4 0-0 16. a3 bxa3 17. Rxa3 f5 18. Rxa6 1-0

[Event "IECG WC.2005.F.00006 email"]
[Site "IECG email"]
[Date "2006.06.05"]
[Round "?"]
[White "Schulze, Michael"]
[Black "Percze, Rajmond"]
[Result "1-0"]
[WhiteElo "2315"]
[BlackElo "2263"]
[PlyCount "77"]
[EventDate "2006.06.05"]
[EventType "tourn (corr)"]
[EventRounds "14"]
[SourceTitle "Corr 2008"]
[Source "ChessBase"]
[SourceDate "2008.06.24"]
[SourceVersion "1"]
[SourceVersionDate "2008.06.24"]
[SourceQuality "1"]

1. e4 c5 2. Nf3 d6 3. d4 cxd4 4. Nxd4 Nf6 5. Nc3 g6 6. f3 Bg7 7. Be3 0-0 8. Qd2 Nc6 9. 0-0-0 Bd7 10. g4 Rc8 11. h4 Ne5 12. h5 Qa5 13. Nb3 Qc7 14. Be2 b5 15. Kb1 b4 16. Nd5 Nxd5 17. exd5 Bf6 18. Rh3 a5 19. Rdh1 g5 20. Bxg5 Bxg5 21. Qxg5+ Kh8 22. Nd4 Qc5 23. h6 Ng6 24. Rd1 a4 25. Rhh1 a3 26. b3 Qc3 27. Qc1 Nf4 28. Bc4 e5 29. dxe6 fxe6 30. Rhe1 Rxc4 31. bxc4 Qxc4 32. Qd2 Nd5 33. Ne2 Be8 34. Ka1 Kg8 35. Qd4 Qc7 36. Ng3 Rf4 37. Re4 Rf6 38. g5 Rg6 39. Ree1 1-0

[Event "IECG WC.2005.F.00006 email"]
[Site "IECG email"]
[Date "2006.06.05"]
[Round "?"]
[White "Schulze, Michael"]
[Black "Sacerdotali, Sergio"]
[Result "1-0"]
[WhiteElo "2315"]
[BlackElo "2252"]
[PlyCount "87"]
[EventDate "2006.06.05"]
[EventType "tourn (corr)"]
[EventRounds "14"]
[SourceTitle "Corr 2008"]
[Source "ChessBase"]
[SourceDate "2008.06.24"]
[SourceVersion "1"]
[SourceVersionDate "2008.06.24"]
[SourceQuality "1"]

1. e4 e5 2. Nf3 Nc6 3. Bb5 a6 4. Ba4 Nf6 5. 0-0 Be7 6. Re1 b5 7. Bb3 0-0 8. h3 Bb7 9. d3 d6 10. a3 h6 11. Nc3 Re8 12. Be3 Na5 13. Ba2 c5 14. Nh2 c4 15. Ng4 Rc8 16. Rc1 d5 17. Nxf6+ Bxf6 18. Nxd5 Bxd5 19. exd5 Qxd5 20. Qh5 Qe6 21. Rcd1 Red8 22. Bd2 Nc6 23. dxc4 bxc4 24. Bc3 Rxd1 25. Qxd1 Na7 26. Qe2 Nb5 27. Bxe5 Bxe5 28. Qxe5 Qxe5 29. Rxe5 Kf8 30. a4 Nd6 31. f3 f6 32. Re6 Rd8 33. b4 cxb3 34. Bxb3 a5 35. g4 Rd7 36. Kf2 Nb7 37. Ra6 Ke7 38. Ke3 Rd6 39. Ra7 Rd7 40. Kf4 g6 41. Ke3 Kd6 42. Ra8 Kc5 43. Rf8 Rd6 44. Rh8 1-0

[Event "IECG WC.2005.T.00001 email"]
[Site "IECG email"]
[Date "2004.12.15"]
[Round "?"]
[White "White, Kevin"]
[Black "Schulze, Michael"]
[Result "1/2-1/2"]
[WhiteElo "2339"]
[BlackElo "2340"]
[PlyCount "66"]
[EventDate "2004.12.15"]
[EventType "tourn (corr)"]
[EventRounds "10"]
[SourceTitle "Corr 2008"]
[Source "ChessBase"]
[SourceDate "2008.06.24"]
[SourceVersion "1"]
[SourceVersionDate "2008.06.24"]
[SourceQuality "1"]

1. d4 Nf6 2. c4 e6 3. Nf3 d5 4. Nc3 c6 5. g3 dxc4 6. Bg2 Nbd7 7. 0-0 Be7 8. e4 0-0 9. Bf4 b5 10. d5 cxd5 11. exd5 Qb6 12. dxe6 fxe6 13. Nd4 Bb7 14. Nxe6 Rf7 15. Nd5 Nxd5 16. Bxd5 Rc8 17. Re1 Bxd5 18. Qxd5 Nc5 19. Re2 Nd3 20. Bg5 Nb4 21. Qe4 Qd6 22. Be3 a6 23. Bd4 g6 24. a4 Nc6 25. axb5 axb5 26. Ra6 Qd7 27. Rd2 Qe8 28. Re2 Bf8 29. h4 Nxd4 30. Qxd4 Qd7 31. Qxd7 Rxd7 32. Rb6 Rd5 33. Nxf8 Rxf8 1/2-1/2

[Event "CFriend AC-2003-S-00002 email"]
[Site "Chessfriend.com"]
[Date "2004.12.01"]
[Round "1"]
[White "Wilczek, Tadeusz"]
[Black "Schulze, Michael"]
[Result "1-0"]
[WhiteElo "2682"]
[BlackElo "2315"]
[PlyCount "101"]
[EventDate "2004.??.??"]
[EventType "tourn (corr)"]
[EventRounds "6"]
[SourceTitle "Corr 2024"]
[Source "ChessBase"]
[SourceDate "2023.10.19"]
[SourceVersion "1"]
[SourceVersionDate "2023.10.19"]
[SourceQuality "1"]

1. e4 e5 2. Nf3 Nc6 3. Bb5 a6 4. Ba4 Nf6 5. 0-0 Be7 6. Re1 b5 7. Bb3 0-0 8. c3 d6 9. h3 Bb7 10. d4 Re8 11. Nbd2 Bf8 12. a4 h6 13. d5 Nb8 14. Nh2 Nbd7 15. Ng4 c6 16. Nxf6+ Qxf6 17. dxc6 Bxc6 18. axb5 axb5 19. Rxa8 Rxa8 20. Nf1 Rb8 21. Bd5 Bxd5 22. Qxd5 b4 23. Bd2 bxc3 24. Bxc3 Nc5 25. Ne3 Qg6 26. f3 Ne6 27. Kh2 Nf4 28. Qd2 Qe6 29. b4 Be7 30. Nf5 Rc8 31. Nxe7+ Qxe7 32. b5 Qb7 33. Rb1 Ne6 34. b6 Rc6 35. Qb2 Nc5 36. Bd2 f6 37. Be3 Kh7 38. Qb5 Rc8 39. Kg1 Kg6 40. Kf2 Kh7 41. Qc4 Kg6 42. Bxc5 dxc5 43. Qe6 Rd8 44. Ra1 Qd7 45. Qxd7 Rxd7 46. Ke3 c4 47. Rb1 Rd3+ 48. Ke2 Rd8 49. b7 Rb8 50. Kd2 Kf7 51. Kc3 1-0

[Event "CFriend AC-2004-Q-00002 email"]
[Site "Chessfriend.com"]
[Date "2004.07.14"]
[Round "1"]
[White "Schulze, Michael"]
[Black "Paetzold, Ortwin"]
[Result "1-0"]
[WhiteElo "2315"]
[BlackElo "1852"]
[PlyCount "63"]
[EventDate "2004.??.??"]
[EventType "tourn (corr)"]
[EventRounds "10"]
[SourceTitle "Corr 2024"]
[Source "ChessBase"]
[SourceDate "2023.10.19"]
[SourceVersion "1"]
[SourceVersionDate "2023.10.19"]
[SourceQuality "1"]

1. e4 c5 2. Nf3 d6 3. d4 cxd4 4. Nxd4 Nf6 5. Nc3 a6 6. f3 e6 7. Be3 b5 8. g4 Bb7 9. Qd2 Nfd7 10. 0-0-0 Nc6 11. a3 Rc8 12. Nxc6 Bxc6 13. h4 Ne5 14. Be2 Be7 15. g5 0-0 16. f4 Nd7 17. h5 Nc5 18. Bf3 f5 19. gxf6 Bxf6 20. Rhg1 Bb7 21. Bg4 Kh8 22. Qxd6 Qxd6 23. Rxd6 Bxc3 24. bxc3 Nxe4 25. Rxe6 Rxc3 26. Bd4 Rc4 27. Be5 Rc5 28. Bf3 Ng5 29. Rxg5 Rxe5 30. Rgxe5 Bxf3 31. Rxa6 h6 32. Kd2 1-0

[Event "CFriend AC-2004-Q-00002 email"]
[Site "Chessfriend.com"]
[Date "2004.07.14"]
[Round "1"]
[White "Schulze, Michael"]
[Black "Savchak, Oleg"]
[Result "1/2-1/2"]
[WhiteElo "2315"]
[BlackElo "2349"]
[PlyCount "152"]
[EventDate "2004.??.??"]
[EventType "tourn (corr)"]
[EventRounds "10"]
[SourceTitle "Corr 2024"]
[Source "ChessBase"]
[SourceDate "2023.10.19"]
[SourceVersion "1"]
[SourceVersionDate "2023.10.19"]
[SourceQuality "1"]

1. e4 c5 2. Nf3 Nc6 3. d4 cxd4 4. Nxd4 Nf6 5. Nc3 e5 6. Ndb5 d6 7. Bg5 a6 8. Na3 b5 9. Bxf6 gxf6 10. Nd5 f5 11. Bd3 Be6 12. 0-0 Bxd5 13. exd5 Ne7 14. c3 Bg7 15. Qh5 e4 16. Bc2 0-0 17. Rae1 Qc8 18. Kh1 Rb8 19. f3 b4 20. fxe4 bxa3 21. exf5 Ng6 22. f6 Rxb2 23. fxg7 Kxg7 24. Bd3 Qxc3 25. Re3 Qd2 26. Qg5 f6 27. Qg3 Rf7 28. h3 Qb4 29. Rf5 Qh4 30. Qxd6 Qd4 31. Ref3 Rxa2 32. Bf1 Rxg2 33. Bxg2 a2 34. Rf1 a1Q 35. Rxa1 Qxa1+ 36. Rf1 Qa2 37. Qc6 a5 38. Be4 Qe2 39. Bg2 Qa2 40. Be4 Qe2 41. Bg2 Qe3 42. d6 Qe6 43. Rd1 Rd7 44. Qc3 a4 45. Qb4 Qb3 46. Qg4 Rd8 47. Bd5 Qc3 48. d7 a3 49. Qf5 Qc7 50. Ba2 Qb7+ 51. Kg1 Qb2 52. Qe6 Qe5 53. Bd5 Nf4 54. Qxe5 fxe5 55. Bc6 Nxh3+ 56. Kh2 Nf4 57. Ra1 Kf6 58. Rxa3 Ke7 59. Ra5 Ke6 60. Ba4 Nd5 61. Bb3 Rxd7 62. Kg3 e4 63. Bxd5+ Rxd5 64. Ra7 Rf5 65. Rxh7 e3 66. Rh6+ Ke5 67. Rh8 Ke4 68. Re8+ Kd3 69. Rd8+ Ke2 70. Ra8 Rd5 71. Ra2+ Rd2 72. Ra8 Rd3 73. Ra1 Rc3 74. Kg2 Rc2 75. Ra7 Rd2 76. Kg3 Rb2 1/2-1/2

[Event "CFriend AC-2004-Q-00002 email"]
[Site "Chessfriend.com"]
[Date "2004.07.14"]
[Round "1"]
[White "Zeihen, Pascal"]
[Black "Schulze, Michael"]
[Result "1/2-1/2"]
[WhiteElo "2294"]
[BlackElo "2315"]
[PlyCount "100"]
[EventDate "2004.??.??"]
[EventType "tourn (corr)"]
[EventRounds "10"]
[SourceTitle "Corr 2024"]
[Source "ChessBase"]
[SourceDate "2023.10.19"]
[SourceVersion "1"]
[SourceVersionDate "2023.10.19"]
[SourceQuality "1"]

1. e4 e6 2. d4 d5 3. Nc3 Bb4 4. e5 c5 5. a3 Bxc3+ 6. bxc3 Ne7 7. Nf3 Qc7 8. Be2 b6 9. a4 Ba6 10. Bb5+ Bxb5 11. axb5 a5 12. 0-0 0-0 13. dxc5 bxc5 14. Qe2 Nd7 15. c4 dxc4 16. Qxc4 Nxe5 17. Nxe5 Qxe5 18. Bf4 Qd5 19. Qa4 Qb7 20. c4 Nf5 21. Bd2 Rfd8 22. Bxa5 Rd4 23. Qb3 Nd6 24. Bc3 Rxc4 25. Rxa8+ Qxa8 26. Rd1 Qf8 27. b6 h6 28. h3 Qb8 29. Be5 Rb4 30. Qg3 Nf5 31. Bxb8 Nxg3 32. Bxg3 Rxb6 33. Rc1 Rc6 34. Rc4 g5 35. f3 Kg7 36. Bf2 f6 37. Rxc5 Ra6 38. Be1 Kg6 39. Ba5 h5 40. g3 Rd6 41. Kf2 Rd4 42. Rc6 Kf7 43. g4 h4 44. Ke3 Ra4 45. Bd2 Ra2 46. Kd3 Ra1 47. Rc1 Ra3+ 48. Bc3 Ra2 49. Rc2 Ra4 50. Rb2 Rf4 1/2-1/2

[Event "AM-2004-0-00012"]
[Site "Chessfriend.com"]
[Date "2004.06.25"]
[Round "1"]
[White "Benko, Bostjan"]
[Black "Schulze, Michael"]
[Result "1/2-1/2"]
[WhiteElo "2225"]
[BlackElo "2315"]
[PlyCount "118"]
[EventDate "2004.??.??"]
[EventType "swiss (corr)"]
[EventRounds "1"]
[SourceTitle "Corr 2024"]
[Source "ChessBase"]
[SourceDate "2023.10.19"]
[SourceVersion "1"]
[SourceVersionDate "2023.10.19"]
[SourceQuality "1"]

1. e4 e6 2. d4 d5 3. Nc3 Bb4 4. e5 c5 5. Bd2 Ne7 6. Nb5 Bxd2+ 7. Qxd2 0-0 8. dxc5 Nd7 9. Qc3 f6 10. Nf3 fxe5 11. Nxe5 b6 12. Bd3 Nxe5 13. Qxe5 bxc5 14. c4 Qa5+ 15. Qc3 Qxc3+ 16. bxc3 a6 17. Nd6 Rb8 18. 0-0 Rb6 19. Nxc8 Rxc8 20. Rfe1 Kf7 21. Rad1 Rb2 22. a4 Rc6 23. Rb1 Ra2 24. Ra1 Rd2 25. Rad1 Rxd1 26. Rxd1 Rb6 27. Kf1 Rb3 28. cxd5 exd5 29. Rc1 c4 30. Bc2 Ra3 31. Ke2 Nc6 32. Kd2 Ra2 33. Ke3 g6 34. h4 Ke7 35. g3 Kd6 36. h5 gxh5 37. Bxh7 Rxa4 38. Bg6 Ra3 39. Kd2 Na5 40. Rb1 Nb3+ 41. Kc2 Ra2+ 42. Rb2 Ra1 43. Rb1 Rxb1 44. Kxb1 Nd2+ 45. Kb2 Ne4 46. Bxh5 Nxf2 47. g4 Ke7 48. g5 Ne4 49. Bf3 a5 50. g6 Kf6 51. Bg4 Nc5 52. Bf5 Nd3+ 53. Ka3 Nf4 54. Ka4 Nxg6 55. Bc2 Nf4 56. Kxa5 Ke5 57. Kb5 Ne2 58. Kb4 Nc1 59. Bb1 Nd3+ 1/2-1/2

[Event "CFriend AM-2004-0-00012 email"]
[Site "Chessfriend.com"]
[Date "2004.06.25"]
[Round "?"]
[White "Schulze, Michael"]
[Black "Kuhne, Detlev"]
[Result "1-0"]
[WhiteElo "2354"]
[BlackElo "2295"]
[PlyCount "59"]
[EventDate "2004.??.??"]
[EventType "tourn (corr)"]
[EventRounds "12"]
[SourceTitle "Corr 2008"]
[Source "ChessBase"]
[SourceDate "2008.06.24"]
[SourceVersion "1"]
[SourceVersionDate "2008.06.24"]
[SourceQuality "1"]

1. e4 e5 2. Nf3 Nc6 3. Bb5 a6 4. Ba4 Nf6 5. 0-0 Be7 6. Re1 b5 7. Bb3 d6 8. h3 0-0 9. c3 Na5 10. Bc2 c5 11. d4 exd4 12. cxd4 Bb7 13. Bf4 Rc8 14. Nbd2 Re8 15. d5 Nd7 16. Rc1 Nf8 17. Bd3 Bf6 18. b3 Ng6 19. Bh2 b4 20. Re3 Bb2 21. Rc2 Bc3 22. Qc1 Qf6 23. Bf1 h6 24. a3 Red8 25. Qd1 Qe7 26. Nb1 Bf6 27. Ra2 Qc7 28. axb4 cxb4 29. Ra4 Ra8 30. Qd2 1-0